Fracaso renal agudo / (Registro nro. 22531)

Detalles MARC
000 -LEADER
fixed length control field 01068nam a2200301 4500
001 - CONTROL NUMBER
control field 0000014201
003 - CONTROL NUMBER IDENTIFIER
control field CO-CtgCURN
005 - DATE AND TIME OF LATEST TRANSACTION
control field 20250331185207.0
007 - PHYSICAL DESCRIPTION FIXED FIELD--GENERAL INFORMATION
fixed length control field ta
008 - FIXED-LENGTH DATA ELEMENTS--GENERAL INFORMATION
fixed length control field 160627s2000 000 0 eng d
020 ## - INTERNATIONAL STANDARD BOOK NUMBER
International Standard Book Number 8445809113
040 ## - CATALOGING SOURCE
Original cataloging agency CO-CtgCURN
Language of cataloging spa
Transcribing agency coctgcurn
082 0# - DEWEY DECIMAL CLASSIFICATION NUMBER
Classification number 616.6
Item number L415f
100 1# - MAIN ENTRY--PERSONAL NAME
Personal name Liaño, Fernando.
245 10 - TITLE STATEMENT
Title Fracaso renal agudo /
Statement of responsibility, etc. directores Fernando Liaño, Julio Pascual.
260 ## - PUBLICATION, DISTRIBUTION, ETC.
Place of publication, distribution, etc. Barcelona :
Name of publisher, distributor, etc. Masson,
Date of publication, distribution, etc. 2000.
300 ## - PHYSICAL DESCRIPTION
Extent xvii, 555 p.
336 ## - CONTENT TYPE
Source rdacontent
337 ## - MEDIA TYPE
Source rdamedia
Media type term sin mediacion
Media type code n
338 ## - CARRIER TYPE
Source rdacarrier
Carrier type term volumen
Carrier type code nc
500 ## - GENERAL NOTE
General note Incluye bibliografia e indice.
505 8# - FORMATTED CONTENTS NOTE
Formatted contents note Introducción renal al fracaso renal agudo.--Morfología y fisiopatología del fracaso renal agudo.--Fracaso renal agudo en el embarazo.--Manejo, tratameinto y evolucion del fracaso renal agudo
650 14 - SUBJECT ADDED ENTRY--TOPICAL TERM
Topical term or geographic name entry element Insuficiencia renal.
700 1# - ADDED ENTRY--PERSONAL NAME
Personal name Roglan Piqueras.
908 ## - PUT COMMAND PARAMETER (RLIN)
Put command parameter 160627
942 ## - ADDED ENTRY ELEMENTS (KOHA)
Koha item type Libros
Classification part 616.6
Item part L415f
Source of classification or shelving scheme Dewey Decimal Classification
Existencias
Withdrawn status Lost status Source of classification or shelving scheme Damaged status Not for loan Collection Home library Current library Shelving location Date acquired Inventory number Total checkouts Full call number Barcode Date last seen Price effective from Koha item type Public note
    Dewey Decimal Classification     General Miguel Henríquez Emiliani Miguel Henríquez Emiliani General 03/31/2025 009168   616.6 L415f 009168 03/31/2025 03/31/2025 Libros 610-CIENME